000 00931nac a22001931u 4500
008 090528t xxu||||| |||| 00| 0 eng d
020 _a817409184x
082 _a621.471
_bRAI
100 _aRai, G. D.
_95596
245 _aSolar energy utilisation/
_cG. D. Rai
_b[A Textbook for engineering students]/
250 _a5th ed.
_b8th reprint
260 _aNew Delhi:
_bKhanna publishers,
_c2008
300 _a644p.:
_bill.;
_c22 cm.
500 _aIncludes index.
650 _aSolar energy
_95597
942 _cBB
_k621.471RAI
_2ddc
999 _c11685
_d11685